000 00362nam a22001457a 4500
999 _c54962
_d54962
008 200121b ||||| |||| 00| 0 eng d
020 _a9789951550178
041 _aeng
080 _a720
082 _a720
100 _a41
101 _aARK
245 _aNga planifikimi urban modern, drejtë planifikimit hapësinor të integruar
_cBeqaj,B
942 _2udc
_cBK